01391 a2200229 45000010006000000050017000060080041000230030015000640400040000790800033001192450032001520200022001842500012002062640036002183000024002545050690002780410008009681000019009767000028009957000027010238560111010502158820260407155506.0260407a1992 arg spa dAR-UNSa-BCEJYS aAR-UNSa-BCEJYSbspacAR-UNSa-BCEJYS a330.101.542xMicroeconomía10aAnálisis microeconómico a978-84-85855-63-6 a3a. ed. 1aBarcelona :bAntoni Boschc1992 axii, 636 p.c23 cm. a1. La tecnología - 2. La maximización del beneficio - 3. La función del beneficio - 4. La minimización de los costes - 5. La función de costes - 6. La dualidad - 7. La maximización de la utilidad - 8. La elección - 9. La demanda - 10. El excedente de los consumidores - 11. La incertidumbre - 12. Econometría - 13. Los mercados competitivos - 14. El monopolio - 15. La teoría de los juegos - 16. El oligopolio - 17. El intercambio - 18. La producción - 19. El tiempo - 20. Los mercados de activos - 21. Análisis del equilibrio - 22. EL bienestar - 23. Los bienes públicos - 24. Las externalidades - 25. La información - Matemáticas - 27. La optimización  aspa1 aVarian, Hal R.1 aRabasco, María Esther1 aToharia Cortés, Luis41uhttps://biblioeco.unsa.edu.ar/pmb/images/libros/Analisis Microeconomico.jpgyImagen de portadaqimage/jpeg